000
00229nam a22001097a 4500
003
SGT
082
_a
616.89
_b
D15W
100
_a
WILSON, HARVEY
245
_a
DEVELOPMENTAL DISABILITIES
260
_a
JERSEY
_b
FA
942
_2
ddc
_c
BK
999
_c
14916
_d
14916